Top 10 NFL players of 2018 - Statistics

General Stats
  • This quiz has been taken 432 times
  • The average score is 2 of 9
Answer Stats
Q A % Correct
2. Tom Brady
99%
5. Drew Brees
46%
1. Carson Wentz
24%
7. Tyreek Hill
12%
6. Jerad Goff
9%
9. Jalen Ramsey
6%
3. Kareem Hunt
4%
10. Stefon Diggs
4%
4. Todd Gurly
2%
No matching quizzes found
Score Distribution
Percent of People with Each Score
Percentile by Number Answered
Your Score History
You have not taken this quiz